[Event "Titled Tue 3rd Jun Early"]
[Site "chess.com INT"]
[Date "2025.06.03"]
[Round "4"]
[White "Sheehan, Ethan"]
[Black "Ruge, Edison"]
[Result "1-0"]
[BlackTitle "FM"]
[WhiteElo "2380"]
[BlackElo "2201"]
[WhiteFideId "30943965"]
[BlackFideId "4401000"]
[EventDate "2025.06.03"]

1. f3 e5 2. Kf2 d5 3. Kg3 Bc5 4. e3 f5 5. Kf2 Bb6 6. d4 e4 7. f4 Nf6 8. h3 O-O
9. c4 c6 10. Nc3 Be6 11. c5 Bc7 12. b4 Nbd7 13. Be2 h6 14. a4 g5 15. g3 Qe8 16.
Bd2 gxf4 17. exf4 Bf7 18. Qc2 Bh5 19. Nd1 Bxe2 20. Nxe2 e3+ 21. Nxe3 Ne4+ 22.
Kg2 Qh5 23. Rae1 Rae8 24. Bc1 Kh8 25. Nf1 Rg8 26. Nc3 Ndf6 27. Nxe4 Nxe4 28. Qd3
Re6 29. Qf3 Qe8 30. Be3 Reg6 31. Bf2 Qf7 32. Kh2 Qg7 33. Rg1 Re8 34. Re2 Rge6
35. Rg2 Qe7 36. Qh5 Kg7 37. Ne3 Kh7 38. Qxf5+ Kh8 39. Bg1 Nc3 40. Rc2 Rxe3 41.
Bxe3 Qxe3 42. Qf6+ Kh7 43. Qf7+ Kh8 44. Qxc7 Ne4 45. Rce2 Qf3 46. Qxb7 Qh5 47.
Qxc6 Re7 48. g4 Qf7 49. Qxh6+ Kg8 50. f5 Qe8 51. Qf4 Qf7 52. c6 Qf6 53. c7 Re8
54. Rc2 Rc8 55. Qe5 Qf7 56. g5 Qd7 57. g6 Nd6 58. Qxd5+ Kg7 59. f6+ Kf8 60. g7+ 1-0

[Event "Titled Tue 3rd Jun Early"]
[Site "chess.com INT"]
[Date "2025.06.03"]
[Round "4"]
[White "Lissillour, Baptiste"]
[Black "Kalyani Sirin"]
[Result "1-0"]
[WhiteTitle "FM"]
[BlackTitle "WFM"]
[WhiteElo "2318"]
[BlackElo "2136"]
[WhiteFideId "45179620"]
[BlackFideId "33323500"]
[EventDate "2025.06.03"]

1. e4 c5 2. Nf3 d6 3. d4 cxd4 4. Nxd4 Nf6 5. Nc3 Nc6 6. Bg5 e6 7. Bb5 Bd7 8. Qd3
Qb6 9. Bxc6 bxc6 10. O-O-O Be7 11. f4 c5 12. Nf3 Rb8 13. b3 c4 14. Qxc4 d5 15.
exd5 Ba3+ 16. Kb1 O-O 17. Bxf6 gxf6 18. Qd4 Qxd4 19. Nxd4 e5 20. fxe5 fxe5 21.
Nc6 Bxc6 22. dxc6 Rbc8 23. Nb5 Bc5 24. c7 a6 25. Nd6 Rxc7 26. Ne4 Ba3 27. Nf6+
Kg7 28. Rhf1 Rc6 29. Ne4 Rg6 30. g3 Re6 31. Nd2 f5 32. Nc4 Be7 33. Rd5 Bf6 34.
Rxf5 e4 35. Ne3 Kg6 36. Rf1 Rc8 37. Rdd1 Bg5 38. Nd5 e3 39. Nf4+ Bxf4 40. Rxf4
e2 41. Re1 Rd8 42. Kc1 Rd5 43. Rf2 Rde5 44. Kd2 Rd5+ 45. Kc1 Rde5 46. c4 Re3 47.
Kd2 R3e5 48. Rexe2 Rd6+ 49. Kc2 Ra5 50. a4 Re5 51. Rxe5 1-0

[Event "Titled Tue 3rd Jun Early"]
[Site "chess.com INT"]
[Date "2025.06.03"]
[Round "4"]
[White "Sethuraman, Roshan"]
[Black "Zaw, Ye Htut"]
[Result "1-0"]
[BlackTitle "CM"]
[WhiteElo "2074"]
[BlackElo "2180"]
[WhiteFideId "30965250"]
[BlackFideId "13013955"]
[EventDate "2025.06.03"]

1. e4 d5 2. exd5 Qxd5 3. Nc3 Qa5 4. Nf3 Nf6 5. d4 Nc6 6. Bd2 a6 7. Bc4 Qh5 8.
O-O Bg4 9. Be2 O-O-O 10. h3 Bxf3 11. Bxf3 Qf5 12. Be3 Nxd4 13. Bxd4 e5 14. Ne2
exd4 15. Nxd4 Qf4 16. c3 c5 17. Qb3 Qc7 18. Nf5 g6 19. Ne3 Bd6 20. Rad1 Rhe8 21.
Kh1 Bf4 22. Nd5 Nxd5 23. Rxd5 Rxd5 24. Qxd5 Rd8 25. Qc4 Kb8 26. Rd1 Rxd1+ 27.
Bxd1 Qe5 28. Be2 b5 29. Qd3 Bg5 30. g3 c4 31. Qd1 Be7 32. Kg2 Bd6 33. Bf3 f5 34.
Qd2 f4 35. g4 h5 36. Qc2 hxg4 37. hxg4 g5 38. Qg6 Qe7 39. Qg8+ Ka7 40. Qa8+ Kb6
41. Qc6+ Ka7 42. Kf1 Qc7 43. Qd5 Qe7 44. Kg2 Kb6 45. Qa8 a5 46. Qc6+ Ka7 47.
Qxb5 Qc7 48. Qxg5 Bc5 49. Qd5 Kb6 50. Qxc4 Qe7 51. Qd5 Ka6 52. Qc6+ Bb6 53. Qa8+
Ba7 54. Qe4 Qc5 55. Qe2+ Kb6 56. a4 Kc7 57. Qd2 Kc8 58. Be4 Qe5 59. Kf3 Qc5 60.
Bf5+ Kc7 61. Qxf4+ Kb6 62. Kg3 Kb7 63. Be4+ Ka6 64. g5 Qb6 65. Bd3+ Kb7 66. Qf7+
Ka8 67. Be4+ Kb8 68. g6 Qd6+ 69. Qf4 1-0

[Event "Titled Tue 3rd Jun Early"]
[Site "chess.com INT"]
[Date "2025.06.03"]
[Round "4"]
[White "Perry, Patrick"]
[Black "Naranjo Moreno, Antonio"]
[Result "0-1"]
[BlackTitle "FM"]
[WhiteElo "2296"]
[BlackElo "2289"]
[WhiteFideId "30917727"]
[BlackFideId "2278626"]
[EventDate "2025.06.03"]

1. e4 e5 2. Nf3 Nc6 3. Bb5 a6 4. Ba4 Nf6 5. O-O Nxe4 6. d4 b5 7. Bb3 d5 8. dxe5
Be6 9. c3 Bc5 10. Nbd2 O-O 11. Bc2 Nxf2 12. Rxf2 f6 13. exf6 Bxf2+ 14. Kxf2 Qxf6
15. Nf1 Ne5 16. Kg1 Rae8 17. Be3 Nxf3+ 18. gxf3 Qxf3 19. Qxf3 Rxf3 20. Kg2 Ref8
21. Bd3 Bh3+ 22. Kg1 Bxf1 23. Rxf1 Rxe3 24. Bxh7+ Kxh7 25. Rxf8 Re1+ 26. Kf2 Rb1
27. b3 Rc1 28. Rf3 Rc2+ 29. Kg3 Rxa2 30. Rd3 c6 31. b4 a5 32. bxa5 Rxa5 33. Kf4
Ra2 34. h3 Re2 35. Kf5 Re4 36. Rg3 Rc4 37. Ke5 b4 38. cxb4 Rxb4 39. Rc3 Rc4 40.
Rg3 Kh6 41. Kd6 g5 42. Ke5 Kh5 43. Kf5 Rf4+ 44. Ke5 Kh4 45. Rc3 Rc4 46. Rf3 d4
47. Ke4 c5 48. Kf5 Rc3 49. Rf1 Re3 50. Rf2 Rxh3 51. Rc2 Rf3+ 52. Ke4 Rc3 53.
Rh2+ Kg3 54. Rh5 g4 55. Rg5 Rf3 56. Rxc5 d3 57. Rd5 Kf2 58. Rg5 g3 59. Rd5 g2
60. Rf5 Rxf5 61. Kxf5 g1=R 0-1

[Event "Titled Tue 3rd Jun Early"]
[Site "chess.com INT"]
[Date "2025.06.03"]
[Round "4"]
[White "Mora Munoz, Alejandro"]
[Black "Lee, Alice"]
[Result "1-0"]
[WhiteTitle "FM"]
[BlackTitle "IM"]
[WhiteElo "2147"]
[BlackElo "2389"]
[WhiteFideId "4469844"]
[BlackFideId "30941822"]
[EventDate "2025.06.03"]

1. e4 e6 2. d4 d5 3. Nd2 Nd7 4. e5 c5 5. c3 Ne7 6. f4 Nc6 7. Ngf3 Qb6 8. Nb3 a5
9. a4 cxd4 10. Nfxd4 Nc5 11. Nb5 Ne4 12. N3d4 Nxd4 13. Nxd4 Bc5 14. Be2 Bd7 15.
O-O f6 16. Kh1 O-O 17. Bf3 Bxd4 18. Bxe4 dxe4 19. cxd4 Bc6 20. b3 f5 21. Ba3
Rfd8 22. Bc5 Qc7 23. Qe1 Bd5 24. Qe3 Qd7 25. Rac1 Rdc8 26. Rc3 Rc6 27. Rfc1 Rac8
28. Kg1 Qc7 29. b4 b6 30. b5 bxc5 31. bxc6 c4 32. Rb1 Qxc6 33. Rb5 Qa6 34. Qd2
Qa7 35. Kf2 Rd8 36. Ke3 Bc6 37. Rc5 Bxa4 38. R3xc4 Bb3 39. Rxa5 Qb6 40. Qb4 Qxb4
41. Rxb4 Bd5 42. Ra7 Rc8 43. Ra3 Rc2 44. Rb8+ Kf7 45. Ra7+ Kg6 46. Rg8 Kh5 47.
Raxg7 Rc3+ 48. Kd2 Rd3+ 49. Kc1 h6 50. Rg3 Rxg3 51. Rxg3 Kh4 52. Kd2 h5 53. Ke3
Bc4 54. Rg5 Bd5 55. g3+ Kh3 56. Rxh5+ Kg2 57. Rh8 Bc4 58. h4 Kxg3 59. h5 Kh4 60.
h6 Kh5 61. h7 Kh6 62. Rc8 Kxh7 63. Rxc4 1-0

[Event "Titled Tue 3rd Jun Early"]
[Site "chess.com INT"]
[Date "2025.06.03"]
[Round "4"]
[White "Marynychenko, Yehor"]
[Black "Heimann, Alexander"]
[Result "0-1"]
[WhiteTitle "CM"]
[WhiteElo "2183"]
[BlackElo "2238"]
[WhiteFideId "34160558"]
[BlackFideId "2006073"]
[EventDate "2025.06.03"]

1. e4 d5 2. exd5 Qxd5 3. Nc3 Qa5 4. Nf3 Nf6 5. Bc4 c6 6. O-O Bf5 7. d3 Nbd7 8.
Bd2 e6 9. Ne4 Qc7 10. Ng3 Bg6 11. d4 Bd6 12. c3 O-O-O 13. Qe2 Rhe8 14. Be3 Ng4
15. Nh4 Ndf6 16. Nxg6 hxg6 17. h3 Bxg3 18. fxg3 Nxe3 19. Qxe3 e5 20. dxe5 Rxe5
21. Qxa7 Rd2 22. Rad1 Qd6 23. Rxd2 Qxd2 24. Qa8+ Kc7 25. Qa4 Qxb2 26. Bxf7 Re2
27. Qf4+ Kc8 28. Qf3 Rc2 29. Bxg6 Rxc3 30. Qf4 Qb6+ 31. Kh2 Qc7 32. Bf5+ Kb8 33.
Qf2 Nh5 34. Rd1 Nxg3 35. Kg1 Qe5 36. Bg4 Qe3 37. Rd8+ Ka7 38. Qxe3+ Rxe3 39. Kf2
Ra3 40. Rd7 Ne4+ 41. Kg1 g5 42. Bf3 Nc5 43. Rg7 Ne6 44. Re7 Nd4 45. Be4 Rxa2 46.
Rd7 Ra4 47. Kh2 Ka6 48. Rg7 Ra5 49. Kg3 Re5 50. Bf3 Nxf3 51. gxf3 b5 52. Kg4 b4
53. f4 gxf4 54. h4 b3 55. Kxf4 Rh5 56. Kg4 Rc5 57. Rg8 b2 58. Ra8+ Kb7 59. Ra3
b1=Q 60. Rf3 Qg6+ 61. Kh3 Rc1 62. Rg3 Rh1+ 63. Kg2 Rg1+ 64. Kxg1 Qxg3+ 65. Kh1
Qxh4+ 66. Kg1 Qg3+ 67. Kh1 Qg4 68. Kh2 c5 69. Kh1 c4 70. Kh2 c3 71. Kh1 c2 72.
Kh2 Kb6 73. Kh1 c1=Q+ 74. Kh2 Qh6# 0-1

[Event "Titled Tue 3rd Jun Early"]
[Site "chess.com INT"]
[Date "2025.06.03"]
[Round "4"]
[White "Tekeyev, Zaur"]
[Black "Vokhidov, Shamsiddin"]
[Result "1/2-1/2"]
[WhiteTitle "IM"]
[BlackTitle "GM"]
[WhiteElo "2417"]
[BlackElo "2641"]
[WhiteFideId "4199731"]
[BlackFideId "14204223"]
[EventDate "2025.06.03"]

1. e4 c5 2. Nf3 e6 3. d4 cxd4 4. Nxd4 Nc6 5. Nc3 Qc7 6. Be2 Nf6 7. O-O Be7 8.
Be3 O-O 9. f4 d6 10. Kh1 a6 11. Qe1 Nxd4 12. Bxd4 e5 13. Be3 b5 14. Bd3 Bb7 15.
a3 Rac8 16. Rd1 Rfe8 17. fxe5 dxe5 18. Bg5 Rcd8 19. Qg3 Nh5 20. Qh4 Bxg5 21.
Qxg5 Nf4 22. Qg3 Re6 23. Qe3 Red6 24. Be2 Nxe2 25. Qxe2 Rd4 26. Nd5 Bxd5 27.
Rxd4 exd4 28. exd5 Qd7 29. Re1 g6 30. Qe5 Qxd5 31. Qf6 Rc8 32. h3 a5 33. Re7 b4
34. axb4 axb4 35. Re5 Qd7 36. Re7 Qf5 37. Qxf5 gxf5 38. Rb7 Rxc2 39. Rxb4 d3 40.
Rd4 d2 41. Kh2 Rxb2 42. Kg3 Kg7 43. Kf3 Kg6 44. g3 Kf6 45. Ke3 Ke5 46. Rd8 h5
47. Re8+ Kf6 48. Rd8 Ke7 49. Rxd2 Rxd2 50. Kxd2 Ke6 51. Kd3 Kd5 52. Ke3 Ke5 53.
Kf3 Ke6 54. Kf4 Kf6 55. h4 Kg6 56. Ke5 f6+ 57. Ke6 Kg7 58. Kxf5 Kf7 59. g4 hxg4
60. Kxg4 Kg6 61. Kf4 Kh6 62. Kf5 Kh5 63. Kxf6 Kxh4 1/2-1/2

[Event "Titled Tue 3rd Jun Early"]
[Site "chess.com INT"]
[Date "2025.06.03"]
[Round "4"]
[White "Olhovik, Andrei"]
[Black "Calvo Gonzalez, Jose Felix"]
[Result "0-1"]
[WhiteTitle "FM"]
[BlackTitle "CM"]
[WhiteElo "2282"]
[BlackElo "2168"]
[WhiteFideId "13507397"]
[BlackFideId "54505615"]
[EventDate "2025.06.03"]

1. d4 Nf6 2. c4 g6 3. Nc3 d5 4. Bg5 Ne4 5. Bh4 Nxc3 6. bxc3 Bg7 7. e3 c5 8. cxd5
cxd4 9. cxd4 Qxd5 10. Nf3 Nc6 11. Be2 O-O 12. O-O b6 13. Qa4 Bb7 14. Rac1 e5 15.
dxe5 Nxe5 16. Rfd1 Qe6 17. Nd4 Qd5 18. Bf1 Rac8 19. Rxc8 Rxc8 20. Nf5 Nf3+ 21.
gxf3 Qxf5 22. Bg2 Bxf3 23. Bxf3 Qxf3 24. Qd7 Rc4 25. Bg3 Bf8 26. Qd8 h5 27. Qd5
Qxd5 28. Rxd5 Ra4 29. Rd8 Kg7 30. Rd2 h4 31. Be5+ f6 32. Bd4 Kf7 33. Rc2 Be7 34.
h3 g5 35. Kg2 Ke6 36. Kf3 f5 37. Bg7 Kd5 38. Rd2+ Ke6 39. Bd4 Bd6 40. Kg2 b5 41.
Rc2 Rc4 42. Rb2 a6 43. Kf3 Kd5 44. Ke2 g4 45. hxg4 fxg4 46. Kf1 h3 47. f3 gxf3
48. Kf2 h2 49. Rb1 Ke4 50. Ra1 Rc2+ 51. Ke1 h1=Q# 0-1

[Event "Titled Tue 3rd Jun Early"]
[Site "chess.com INT"]
[Date "2025.06.03"]
[Round "4"]
[White "Matskevich, Varvara"]
[Black "Kovalchuk, Alexey"]
[Result "0-1"]
[WhiteTitle "WFM"]
[BlackTitle "FM"]
[WhiteElo "1988"]
[BlackElo "2304"]
[WhiteFideId "13523465"]
[BlackFideId "24154385"]
[EventDate "2025.06.03"]

1. e4 c5 2. Nf3 d6 3. d4 cxd4 4. Nxd4 Nf6 5. Nc3 a6 6. a4 e5 7. Nde2 Be7 8. Ng3
Be6 9. Be2 Nbd7 10. O-O Rc8 11. Be3 O-O 12. a5 Qc7 13. Bd3 Rfe8 14. f3 Qc6 15.
Na4 d5 16. Nb6 Nxb6 17. Bxb6 Bc5+ 18. Bxc5 Qxc5+ 19. Kh1 d4 20. b3 h5 21. f4 h4
22. Nh5 Nxh5 23. Qxh5 exf4 24. Qxh4 Qe5 25. Qxf4 Qxf4 26. Rxf4 Rc3 27. Rf3 Rec8
28. h3 R8c5 29. Ra4 g6 30. Kh2 Kg7 31. Rxd4 Rxa5 32. Rb4 b5 33. Rd4 Ra1 34. Rd6
a5 35. Ra6 b4 36. Rg3 Kf6 37. h4 Ke5 38. Rg5+ Kd4 39. Rgxa5 Rxa5 40. Rxa5 Bxb3
41. cxb3 Kxd3 42. Ra7 f6 43. Ra6 Rxb3 44. Rxf6 Rc3 45. Rxg6 b3 46. Rb6 Kc2 47.
h5 b2 48. h6 Rb3 49. h7 Rxb6 50. h8=Q b1=Q 51. Qc8+ Kd3 52. Qd7+ Kxe4 53. Qh7+
Ke3 54. Qe7+ Kd3 55. Qd7+ Ke2 56. Qe7+ Kd2 57. Qd7+ Qd3 58. Qxd3+ Kxd3 59. g4
Ke4 60. Kh3 Ke5 61. Kh4 Kf6 62. g5+ Kg6 63. Kg4 Rb4+ 64. Kf3 Kxg5 0-1

[Event "Titled Tue 3rd Jun Early"]
[Site "chess.com INT"]
[Date "2025.06.03"]
[Round "4"]
[White "Kravtsiv, Martyn"]
[Black "Firouzja, Alireza"]
[Result "0-1"]
[WhiteTitle "GM"]
[BlackTitle "GM"]
[WhiteElo "2598"]
[BlackElo "2757"]
[WhiteFideId "14113147"]
[BlackFideId "12573981"]
[EventDate "2025.06.03"]

1. e4 g6 2. d4 Bg7 3. Nc3 a6 4. f4 b5 5. Nf3 Bb7 6. Bd3 d6 7. a4 c5 8. axb5 cxd4
9. Nd5 e6 10. Nb4 a5 11. Na2 Nd7 12. c3 Ngf6 13. cxd4 Nxe4 14. Nc3 Nef6 15. O-O
O-O 16. Bd2 Nb6 17. Qe1 Bxf3 18. Rxf3 d5 19. Ne2 a4 20. Bb4 Re8 21. Rc1 Qb8 22.
Rc6 Nc4 23. Bxc4 dxc4 24. Nc3 Nd5 25. Rxc4 Nxc3 26. Bxc3 Qxb5 27. Rc5 Qb7 28. h4
Red8 29. Qf2 Rd5 30. h5 Bf6 31. hxg6 hxg6 32. Rh3 Rad8 33. Kh2 Kg7 34. Qf3 Qb8
35. Qg3 Bxd4 36. Bxd4+ Rxd4 37. Rch5 Qxf4 38. Rh7+ Kf6 39. Qxf4+ Rxf4 40. Rc3
Rd7 41. Rc5 Rb4 42. Rc2 g5 43. Rf2+ Kg6 44. Rh8 Kg7 45. Rc8 Rdb7 46. Ra8 Rxb2
47. Rxb2 Rxb2 48. Rxa4 f5 49. Kg3 Kf6 50. Kf3 Rb3+ 51. Kf2 f4 52. Ra5 e5 53. Ra4
Kf5 54. Ke2 g4 55. Kf2 g3+ 56. Ke2 Rb2+ 57. Kf1 Rb1+ 58. Ke2 Rg1 0-1

[Event "Titled Tue 3rd Jun Early"]
[Site "chess.com INT"]
[Date "2025.06.03"]
[Round "4"]
[White "Chelly, Yahya"]
[Black "Aravindhan, Achyuth"]
[Result "0-1"]
[WhiteTitle "CM"]
[BlackTitle "CM"]
[WhiteElo "2039"]
[BlackElo "2098"]
[WhiteFideId "5516200"]
[BlackFideId "1084216"]
[EventDate "2025.06.03"]

1. d4 Nf6 2. c4 g6 3. Nc3 Bg7 4. g3 d6 5. Bg2 O-O 6. Nf3 Nc6 7. O-O e6 8. b3 e5
9. dxe5 Nxe5 10. Nxe5 dxe5 11. Bb2 c6 12. Rc1 Bf5 13. e4 Be6 14. Qc2 Qc7 15. Qb1
Rad8 16. Rfd1 Bh6 17. Rc2 Rxd1+ 18. Qxd1 Rd8 19. Qa1 Qd6 20. h4 Qd3 21. Re2 Bd2
22. Bf1 Bxc3 23. Bxc3 Nxe4 24. Rd2 Nxd2 25. Bxd3 Rxd3 26. Bxd2 Rxd2 27. Qxe5 b5
28. Qe3 Rd1+ 29. Kh2 bxc4 30. bxc4 Bxc4 31. Qxa7 Bd5 32. g4 Rd2 33. a4 h5 34. g5
Rc2 35. a5 c5 36. Qb8+ Kh7 37. a6 Rxf2+ 38. Kg3 Rf3+ 39. Kh2 Rf2+ 40. Kg1 Rg2+
41. Kf1 Ra2 42. a7 c4 43. Qc7 Ra3 44. Ke1 c3 45. Kd1 Bb3+ 46. Ke2 c2 47. Kd2 Ra1
48. a8=Q Rxa8 49. Qc3 Rb8 50. Kc1 Ba4 51. Qa3 Rb1+ 52. Kd2 c1=Q+ 53. Qxc1 Rxc1
54. Kxc1 Bd7 55. Kd2 Be6 56. Kd3 Kg7 57. Kd4 Kf8 58. Ke5 Ke7 59. Kd4 Kd6 60. Ke4
Kc5 61. Ke5 Kc4 62. Kf6 Kd4 63. Kg7 Ke4 64. Kh7 Kf4 65. Kg7 Kg4 66. Kh7 Kxh4 67.
Kg7 Kxg5 68. Kh7 f5 69. Kg7 0-1

[Event "Titled Tue 3rd Jun Early"]
[Site "chess.com INT"]
[Date "2025.06.03"]
[Round "4"]
[White "Slovineanu, Viacheslav"]
[Black "Palmer, Reegan"]
[Result "0-1"]
[WhiteTitle "IM"]
[BlackTitle "CM"]
[WhiteElo "2412"]
[BlackElo "2057"]
[WhiteFideId "13900510"]
[BlackFideId "14322145"]
[EventDate "2025.06.03"]

1. d4 Nf6 2. Nf3 c5 3. d5 g6 4. Nc3 d6 5. e4 Bg7 6. Bb5+ Bd7 7. a4 O-O 8. h3 e6
9. Bxd7 Qxd7 10. O-O exd5 11. exd5 Re8 12. Bf4 Nh5 13. Bh2 a6 14. Nd2 Be5 15.
Nc4 Bxh2+ 16. Kxh2 Qd8 17. f4 Nd7 18. a5 Ndf6 19. Qf3 Ng7 20. g4 h5 21. Rae1
Rxe1 22. Rxe1 Qd7 23. Nb6 hxg4 24. hxg4 Nxg4+ 25. Kh3 Ne5+ 26. Nxd7 Nxf3 27. Re3
Nd4 28. Ne4 Ngf5 29. Nef6+ Kg7 30. Re1 Rh8+ 31. Kg2 Nh4+ 32. Kg3 Nhf3 33. Re3
Nd2 34. c3 Nf1+ 35. Kf2 Nxe3 36. cxd4 cxd4 37. Ne4 Rh2+ 38. Kf3 Rxb2 39. Nxd6
Nxd5 40. Ne8+ Kh6 41. Ne5 Rb3+ 42. Ke4 Nc3+ 43. Kxd4 Ne2+ 44. Kc4 Rc3+ 45. Kb4
Rh3 46. Nxf7+ Kh5 47. Nf6+ Kh4 48. Ne5 Nxf4 49. Kc5 Nd3+ 50. Nxd3 Rxd3 51. Kb6
Rb3+ 52. Kc7 Kg5 53. Ne4+ Kf4 54. Nc5 Rb1 55. Nxb7 g5 56. Nc5 g4 57. Nxa6 g3 58.
Nc5 g2 59. Nd3+ Ke3 60. Nc5 g1=Q 0-1

[Event "Titled Tue 3rd Jun Early"]
[Site "chess.com INT"]
[Date "2025.06.03"]
[Round "4"]
[White "Grot, Blazej"]
[Black "Gholami Orimi, Mahdi"]
[Result "0-1"]
[WhiteTitle "CM"]
[BlackTitle "GM"]
[WhiteElo "2217"]
[BlackElo "2511"]
[WhiteFideId "21835845"]
[BlackFideId "12558486"]
[EventDate "2025.06.03"]

1. e4 g6 2. d4 Bg7 3. Nf3 d6 4. c3 a6 5. Bc4 b5 6. Bb3 Bb7 7. Nbd2 c5 8. O-O e6
9. Re1 Ne7 10. Nf1 Nd7 11. Ng3 O-O 12. Bf4 e5 13. dxe5 dxe5 14. Be3 c4 15. Bc2
Qc7 16. a4 Rfd8 17. Qc1 Nc5 18. Bh6 f6 19. Bxg7 Kxg7 20. Qe3 Ng8 21. h4 Nh6 22.
Nh2 Nd3 23. Reb1 Qc5 24. Qxc5 Nxc5 25. Nf3 bxa4 26. Rd1 Bc6 27. Nd2 Bb5 28. Ngf1
Nd3 29. Ra2 Nc5 30. Ne3 Rac8 31. Ndxc4 Rxd1+ 32. Bxd1 Nxe4 33. Nb6 Rd8 34. Bxa4
Nf5 35. Nxf5+ gxf5 36. Bxb5 axb5 37. f3 Ng3 38. Ra7+ Kg6 39. Rd7 Rb8 40. Nd5 Ra8
41. Ne7+ Kh6 42. Kf2 f4 43. Rd1 Ra2 44. Rb1 Kh5 45. Nd5 f5 46. Nf6+ Kxh4 47. Nd7
e4 48. Ne5 e3+ 49. Ke1 Kg5 50. Nd3 Ra7 51. Rd1 Ra2 52. Rb1 Ra6 53. Rd1 Rh6 0-1

[Event "Titled Tue 3rd Jun Early"]
[Site "chess.com INT"]
[Date "2025.06.03"]
[Round "4"]
[White "Purtseladze, Maka"]
[Black "Todorovic, Bojan"]
[Result "1-0"]
[WhiteTitle "IM"]
[BlackTitle "FM"]
[WhiteElo "2261"]
[BlackElo "2111"]
[WhiteFideId "13602659"]
[BlackFideId "917087"]
[EventDate "2025.06.03"]

1. d4 g6 2. c4 Bg7 3. e4 d6 4. f3 Nc6 5. Be3 e5 6. d5 Nce7 7. Bd3 f5 8. Ne2 Nf6
9. Nbc3 O-O 10. Qd2 c6 11. O-O-O cxd5 12. cxd5 a6 13. h3 b5 14. g4 f4 15. Bf2
Nd7 16. Kb1 Bb7 17. Rc1 Rc8 18. a3 Nc5 19. Bc2 Qd7 20. Na2 Rc7 21. Qa5 Rfc8 22.
b4 Na4 23. Bxa4 bxa4 24. Rxc7 Qxc7 25. Qxc7 Rxc7 26. Nec3 Bf6 27. Nxa4 Nxd5 28.
Rd1 Ne3 29. Rxd6 Be7 30. Rd3 Bc6 31. N2c3 Bb5 32. Nxb5 axb5 33. Nc3 Nc4 34. Nxb5
Rb7 35. a4 Bxb4 36. Ka2 Ba5 37. Bc5 Kg7 38. Kb3 Nd2+ 39. Kc2 Nf1 40. Bd6 Ne3+
41. Kb3 Kf6 42. h4 h6 43. Bb4 Bb6 44. Bc3 Bd4 45. Bxd4 exd4 46. Rxd4 Ng2 47.
Rd6+ Kg7 48. Rd3 Nxh4 49. Kb4 Ng2 50. a5 h5 51. a6 Rb8 52. a7 Rc8 53. gxh5 gxh5
54. Ka5 h4 55. Nc7 h3 56. Rd1 Ne3 57. Rh1 1-0

[Event "Titled Tue 3rd Jun Early"]
[Site "chess.com INT"]
[Date "2025.06.03"]
[Round "4"]
[White "Sindarov, Islombek"]
[Black "Abraham, John Z"]
[Result "1-0"]
[WhiteTitle "CM"]
[WhiteElo "2129"]
[BlackElo "2100"]
[WhiteFideId "14205475"]
[BlackFideId "30987318"]
[EventDate "2025.06.03"]

1. Nf3 d5 2. g3 Nf6 3. Bg2 c6 4. O-O Bg4 5. d3 Nbd7 6. Nbd2 e6 7. e4 Bd6 8. Qe1
dxe4 9. dxe4 Bc7 10. Qe2 O-O 11. Rd1 Ne5 12. h3 Nxf3+ 13. Nxf3 Bxf3 14. Bxf3 Qe7
15. e5 Nd5 16. c4 Nb6 17. h4 Qc5 18. Bf4 Qxc4 19. Qxc4 Nxc4 20. Re1 Rfd8 21. b3
Nb6 22. h5 Nd5 23. h6 Nxf4 24. gxf4 g6 25. Rad1 Ba5 26. Re4 Rxd1+ 27. Bxd1 Rd8
28. Bf3 Rd2 29. a3 Bb6 30. Be2 Rb2 31. b4 Ra2 32. Kg2 Rxa3 33. f5 exf5 34. e6
fxe6 35. Rxe6 Ra2 36. Bc4 Rxf2+ 37. Kg3 Kf8 38. Rf6+ Ke8 39. Bg8 f4+ 40. Kh3 f3
41. Bxh7 Ke7 42. Rxg6 Rf1 43. Rg7+ Kf6 44. Rg6+ Ke5 45. Rg5+ Kd4 46. Bg8 f2 47.
Rg4+ Kc3 48. Bc4 Rh1+ 49. Kg3 Rxh6 50. Bf1 Rg6 51. Rxg6 Bc7+ 52. Kxf2 Bb6+ 53.
Ke1 Kxb4 54. Rg7 c5 55. Rxb7 c4 56. Kd1 c3 57. Kc2 Kc5 58. Rh7 Ba5 59. Rh5+ Kb6
60. Rb5+ Ka6 61. Rb8# 1-0

[Event "Titled Tue 3rd Jun Early"]
[Site "chess.com INT"]
[Date "2025.06.03"]
[Round "4"]
[White "Kopczynski, Michal"]
[Black "Shukhman, Anna"]
[Result "1/2-1/2"]
[WhiteTitle "CM"]
[BlackTitle "WGM"]
[WhiteElo "2225"]
[BlackElo "2413"]
[WhiteFideId "1124200"]
[BlackFideId "54180058"]
[EventDate "2025.06.03"]

1. e4 c5 2. d4 cxd4 3. c3 dxc3 4. Nxc3 Nc6 5. f4 d6 6. Nf3 g6 7. Bc4 Bg7 8. O-O
Nf6 9. Kh1 O-O 10. Qe1 Be6 11. Bxe6 fxe6 12. Be3 Ng4 13. Bd2 e5 14. Qh4 Nf6 15.
Ng5 Qd7 16. f5 Nd4 17. Nd5 h6 18. fxg6 Nxd5 19. exd5 Rxf1+ 20. Rxf1 Qb5 21. Rf7
Qd3 22. Ne4 Qb1+ 23. Be1 Rf8 24. Qf2 Bf6 25. Nxf6+ exf6 26. Rxf8+ Kxf8 27. Qxf6+
Ke8 28. Qf7+ Kd8 29. Qf1 Qxg6 30. Bh4+ Kd7 31. h3 Qf5 32. Qc4 Qb1+ 33. Kh2 Qe4
34. Qa4+ Kc7 35. Qa5+ b6 36. Qxa7+ Kc8 37. Qa6+ Kc7 38. Qa7+ Kc8 39. Qa8+ Kc7
40. Bd8+ Kd7 41. Qb7+ Kxd8 42. Qxb6+ Ke7 43. Qc7+ Kf6 44. Qxd6+ Kg5 45. Qe7+ Kg6
46. Qd6+ Kg7 47. Qe7+ Kg6 48. Qd6+ Kf5 49. Qd7+ Kf4 50. Qf7+ Ke3 51. d6 Qf4+ 52.
Qxf4+ Kxf4 53. d7 Nc6 54. a4 e4 55. a5 e3 56. a6 e2 57. a7 e1=Q 58. a8=Q Qg3+
59. Kg1 Qe1+ 60. Kh2 Qg3+ 61. Kg1 Qe1+ 62. Kh2 1/2-1/2

[Event "Titled Tue 3rd Jun Early"]
[Site "chess.com INT"]
[Date "2025.06.03"]
[Round "4"]
[White "Buscar, Michael"]
[Black "Amarasinghe, A A C B"]
[Result "1-0"]
[BlackTitle "CM"]
[WhiteElo "2016"]
[BlackElo "1949"]
[WhiteFideId "2603616"]
[BlackFideId "9901809"]
[EventDate "2025.06.03"]

1. d4 Nf6 2. c4 e6 3. Nc3 Bb4 4. e3 c5 5. Bd3 b6 6. Ne2 cxd4 7. exd4 Bb7 8. O-O
O-O 9. Bg5 Be7 10. Qd2 d5 11. Bxf6 Bxf6 12. cxd5 exd5 13. Rac1 Nc6 14. Qf4 Bg5
15. Qf5 g6 16. Qxd5 Bxc1 17. Rxc1 Qxd5 18. Nxd5 Nxd4 19. Ne7+ Kg7 20. Nxd4 Rad8
21. Nef5+ gxf5 22. Nxf5+ Kf6 23. Bb1 Rd2 24. Ne3 Rfd8 25. b3 Ba6 26. a4 Bd3 27.
h3 Bxb1 28. Rxb1 a6 29. Nc4 Rd1+ 30. Rxd1 Rxd1+ 31. Kh2 b5 32. axb5 axb5 33. Na3
Rd5 34. Nc2 Ke5 35. Nb4 Rd2 36. Nc6+ Kd6 37. Na7 Kc5 38. Kg3 Kb4 39. f4 Kxb3 40.
Nxb5 Rd3+ 41. Kg4 Kc4 42. Nc7 Rd7 43. Ne8 Rd2 44. g3 Rd5 45. Nf6 h5+ 46. Kh4 Ra5
47. Nxh5 Kd4 48. Kg4 Ke4 49. Nf6+ Kd4 50. h4 Kc5 51. h5 Kd6 52. h6 Ke7 53. Ne4 1-0

[Event "Titled Tue 3rd Jun Early"]
[Site "chess.com INT"]
[Date "2025.06.03"]
[Round "4"]
[White "Arabidze, Meri"]
[Black "Carcamo, Matias"]
[Result "1-0"]
[WhiteTitle "IM"]
[WhiteElo "2440"]
[BlackElo "2077"]
[WhiteFideId "13604040"]
[BlackFideId "115541"]
[EventDate "2025.06.03"]

1. b3 d5 2. Bb2 Nf6 3. e3 c6 4. f4 Bg4 5. Nf3 Nbd7 6. Be2 e6 7. d3 Bc5 8. d4 Bb6
9. Nbd2 O-O 10. O-O c5 11. c3 cxd4 12. exd4 Ne4 13. Nxe4 dxe4 14. Nd2 Bxe2 15.
Qxe2 f5 16. Nc4 Nf6 17. Nxb6 Qxb6 18. c4 Rad8 19. Kh1 Ng4 20. Rac1 Rf7 21. h3
Nf6 22. Rfd1 Qa5 23. a3 Qc7 24. Qe3 Nh5 25. Rf1 Rf6 26. Bc3 Rg6 27. Be1 Qd6 28.
Rd1 Qxa3 29. d5 exd5 30. Rxd5 Rxd5 31. cxd5 Rd6 32. g4 Nf6 33. gxf5 Rxd5 34. Rg1
a6 35. Qg3 Qe7 36. Bb4 Qd7 37. Qg2 Rxf5 38. Bc3 Rh5 39. Kh2 Rf5 40. Be5 Ne8 41.
Rc1 e3 42. Kh1 Rh5 43. Kh2 Qd2 44. Qxd2 exd2 45. Rd1 Kf7 46. Rxd2 Ke7 47. Rc2 g5
48. Kg3 gxf4+ 49. Bxf4 Rb5 50. Rc3 a5 51. Re3+ Kf7 52. h4 Nf6 53. Bg5 Nd5 54.
Rf3+ Ke6 55. Kg4 Rb4+ 56. Kh5 Re4 57. Kh6 Ke5 58. Kxh7 Nf4 59. Bxf4+ Rxf4 60.
Rxf4 Kxf4 61. h5 Kg5 62. h6 Kf6 63. Kg8 a4 64. h7 a3 65. h8=Q+ 1-0